Quản trị học = Management

שמור ב:
מידע ביבליוגרפי
מחבר ראשי: Nguyễn, Thị Liên Diệp
פורמט: ספר
שפה:Undetermined
יצא לאור: Hà Nội Thống kê 1995
נושאים:
תגים: הוספת תג
אין תגיות, היה/י הראשונ/ה לתייג את הרשומה!
Thư viện lưu trữ: Trung tâm Học liệu Trường Đại học Cần Thơ
LEADER 00521nam a2200193Ia 4500
001 CTU_5017
008 210402s9999 xx 000 0 und d
082 |a 658 
082 |b D307 
100 |a Nguyễn, Thị Liên Diệp 
245 0 |a Quản trị học = 
245 0 |b Management 
245 0 |c Nguyễn Thị Liên Diệp 
260 |a Hà Nội 
260 |b Thống kê 
260 |c 1995 
650 |a Management 
904 |i Qhieu sua 
980 |a Trung tâm Học liệu Trường Đại học Cần Thơ